Word Ladder: Sue Grafton Detective Quiz Stats

 Plays Quiz Updated Oct 1, 2019

Score 0/18 Timer 02:00
0 Plays Today
Clue 4-Letter Word % Correct
Murder or terminateKILL
98.7%
Surface in front of a windowSILL
97.5%
5280 feetMILE
96.6%
Offer in exchange for moneySELL
95.8%
Common pickle herbDILL
95.8%
Pepper grinder•MILL•
95.6%
Texas-based computer makerDELL
95.3%
Oven for baking potteryKILN
95.3%
Where stitching often isSEAM
95%
Clue 4-Letter Word % Correct
'Kiss from a Rose' singerSEAL
94.6%
Lawn damaging rodentMOLE
94.5%
What the previous rung makesHOLE
90.1%
Appear•SEEM•
88.1%
Sharpen•HONE•
83.9%
Consider or judgeDEEM
81.7%
ProfoundDEEP
73%
Brad of the band BostonDELP
70.3%
'Jeopardy''s Greg ___ Band•KIHN•
30.6%

Today's Daily Dose

Missing Word
Sherlocks

Word Ladder
King of the Hill

Quick Pick
Songs in Pink

Get the Picture
NBA Teammates

You're not logged in!

Compare scores with friends on all Sporcle quizzes.
OR
Log In

Sporcle TV

Today on Sporcle TV


Watch our educational content, quiz creation guides, and fun videos on Sporcle TV.

Show Comments

Extras

Top Quizzes Today


Score Distribution

Your Account Isn't Verified!

In order to create a playlist on Sporcle, you need to verify the email address you used during registration. Go to your Sporcle Settings to finish the process.

Report this User

Report this user for behavior that violates our Community Guidelines.

Details: